[Event "Straume Bronstein Cup A"]
[Site "Straume"]
[Date "2019.10.27"]
[Round "2"]
[White "Schick, Matheo"]
[Black "Thorbjornsen, Ask Maardalen"]
[Result "1-0"]
[WhiteElo "1500"]
[BlackElo "1177"]
[PlyCount "58"]
[EventDate "2019.10.27"]
[EventType "swiss (rapid)"]
[EventRounds "6"]
[EventCountry "NOR"]
[SourceTitle "EXT 2024"]
[Source "ChessBase"]
[SourceDate "2023.10.10"]
[SourceVersion "1"]
[SourceVersionDate "2023.10.10"]
[SourceQuality "1"]

1. e4 e5 2. Nf3 Nc6 3. d4 d6 4. Bc4 Be6 5. d5 Na5 6. dxe6 Nxc4 7. exf7+ Kxf7 8. Qd5+ Ke8 9. Qxc4 h6 10. Nc3 c6 11. 0-0 Nf6 12. Rd1 Qd7 13. Nxe5 Qe7 14. Ng6 Qf7 15. Qxf7+ Kxf7 16. Nxh8+ Ke6 17. Ng6 Rd8 18. Nxf8+ Rxf8 19. Bf4 d5 20. exd5+ Nxd5 21. Nxd5 cxd5 22. Re1+ Kd7 23. Bg3 Rc8 24. c3 Kc6 25. Re7 g5 26. Rae1 Kb6 27. R1e6+ Kc5 28. Rxb7 d4 29. cxd4+ Kxd4 1-0